• 首页
  • 本馆介绍
  • 公告通知
  • 最新文献
  • 馆藏检索
  • 电子资源
  • 读者导购
  • 参考咨询
  • 我的图书馆
  • 登录
  • 详细信息显示
  • 放入我的书架
  • 预约/预借图书
  • 作者相关作品
  • 分类相关作品
  • 丛书相关作品
  • 出版社相关作品

书目信息

  • 表格格式
  • 工作单格式
  • 卡片格式
题名:
安快银行
    
 
作者: 王礼 著
分册:  
出版信息: 北京   北京联合出版公司  2020.11
页数: 312页
开本: 23cm
丛书名:
单 册:
中图分类: F832.33
科图分类:
主题词: 中小企业--zhong xiao qi ye--商业银行--银行发展--研究--中国
电子资源:
ISBN: 978-7-5596-4313-1
000 00988nam0 2200277 450
001 CAL 0120203048162
005 20230217093113.0
010    @a978-7-5596-4313-1@dCNY98.00
100    @a20201010d2020 em y0chiy0120 ea
101 0  @achi
102    @aCN@b110000
105    @aa a 000yy
106    @ar
200 1  @a安快银行@Aan kuai yin hang@d= Umpqua band@e中小银行逆市增长之道@f王礼著@zeng
210    @a北京@c北京联合出版公司@d2020.11
215    @a312页@c图@d23cm
314    @a王礼, 博士, 银行人。
320    @a有书目
330    @a本书全面剖析安快银行的经营之道, 让中国银行业从业者明晰什么才是真正的社区银行, 同时给出社区银行的实操策略, 助力中小银行转型升级。
510 1  @aUmpqua band@zeng
517 1  @a中小银行逆市增长之道@Azhong xiao yin hang ni shi zeng zhang zhi dao
606 0  @a中小企业@Azhong xiao qi ye@x商业银行@x银行发展@x研究@y中国
690    @aF832.33@v5
701  0 @a王礼@Awang li@4著
801  0 @aCN@bBJXHZP@c20230228
905    @b1388332-5@dF832.33@e228@f4
    
    安快银行= Umpqua band:中小银行逆市增长之道/王礼著.-北京:北京联合出版公司,2020.11
    312页:图;23cm
    
    
    ISBN 978-7-5596-4313-1:CNY98.00
    本书全面剖析安快银行的经营之道, 让中国银行业从业者明晰什么才是真正的社区银行, 同时给出社区银行的实操策略, 助力中小银行转型升级。
●
相关链接 在E读中查询图书 在五车中查询图书 在当当中查询图书 在豆瓣中查询图书


正题名:安快银行     索取号:F832.33/228         预约/预借

序号 登录号 条形码 馆藏地/架位号 状态 备注
1 1388332   213883323   第一样本阅览室/ [索取号:F832.33/228] 在馆    
2 1388333   213883332   第一借阅区/ [索取号:F832.33/228] 在馆    
3 1388334   213883341   第一借阅区/ [索取号:F832.33/228] 在馆    
4 1388335   213883350   第一借阅区/ [索取号:F832.33/228] 在馆    
唐山师范学院图书馆 欢迎您!
大连网信软件有限公司© 版权所有